| 000 | 00000nam 2200000za 4500 |
| 001 | 9.816940 |
| 003 | CaOODSP |
| 005 | 20221107142348 |
| 007 | cr ||||||||||| |
| 008 | 160505s2012 onc |o f|0| 0 fre d |
| 040 | |aCaOODSP|bfre |
| 043 | |an-cn--- |
| 086 | 1 |aRv10-10/2012F-PDF |
| 245 | 10|aBureau de l'ombudsman des contribuables receuil de cas relatifs aux droits du contribuable en matière de service |h[ressource électronique] / |crévisé par J. Paul Dubé. |
| 260 | |aOttawa : |bBureau de l'ombudsman des contribualbes, |c2012. |
| 300 | |a60 p. |
| 500 | |aPubli. aussi en anglais sous le titre : Office of the Taxpayers' Ombudsman digest of taxpayer service rights. |
| 504 | |aComprend des références bibliographiques. |
| 692 | 07|2gccst|aImpôt |
| 700 | 1 |aDubé, J. Paul, |eed. |
| 710 | 1 |aCanada. |bBureau de l'ombudsman des contribuables. |
| 775 | 08|tOffice of the Taxpayers' Ombudsman digest of taxpayer service rights |w(CaOODSP)9.809565 |
| 856 | 40|qPDF|s506 Ko|uhttps://publications.gc.ca/collections/collection_2016/boc-oto/Rv10-10-2012-fra.pdf |